Slovenský jazyk pre 4. ročník všeobecnovzdelávacích škôl /

Hlavní autor: Bernáth, Pavol, 1909-1979
Jazyk: Slovenština
Vydáno: Bratislava : Slovenské pedagogické nakladateľstvo, 1957
Vydání: 3. vyd
Fyzický popis: 233 s.
Knihy
Uloženo v:
LEADER 00687nam a22002052a 4500
001 001456998
003 CZ BrMZK
005 20150319130002.0
007 ta
008 150120s1957 xo er|||||||||||slo d
040 |a ABA001  |b cze  |d ABA001  |d BOA001 
100 1 |a Bernáth, Pavol,  |d 1909-1979  |7 jx20031130043  |4 aut 
245 1 0 |a Slovenský jazyk pre 4. ročník všeobecnovzdelávacích škôl /  |c Pavol Bernáth 
250 |a 3. vyd 
260 |a Bratislava :  |b Slovenské pedagogické nakladateľstvo,  |c 1957 
300 |a 233 s. 
910 |a BOA001  |b 2-0325.707-57 
990 |a BK 
991 |b 201502 
996 7 |b 2618803775  |c 2-0325.707-57  |l MZK  |r Sklad / do 24 hodin  |n 0  |w 001492097  |u 000010  |a 1  |e BOA001  |j MZK50  |s A